000 00298nam a22001337a 4500
008 181106b xxu||||| |||| 00| 0 eng d
020 _a9780757539985
041 _aeng
080 _a371
100 _a46
101 _aEDU
245 _aThriving in College & Beyond
_cCuseo,J.B
942 _2udc
_cBK
999 _c52031
_d52031